Business Correspondence and Report Writing : A Practical Approach to Business & Technical Communication (Record no. 2700)

MARC details
005 - DATE AND TIME OF LATEST TRANSACTION
control field 20250527081241.0
020 ## - INTERNATIONAL STANDARD BOOK NUMBER
International Standard Book Number 0-07-044555-9
082 ## - DEWEY DECIMAL CLASSIFICATION NUMBER
Classification number LECT 651.75 SHA
100 ## - MAIN ENTRY--PERSONAL NAME
Author name SHARMA, R. C
245 ## - TITLE STATEMENT
Title Business Correspondence and Report Writing : A Practical Approach to Business & Technical Communication
250 ## - EDITION STATEMENT
Edition statement 3rd Ed.
260 ## - PUBLICATION, DISTRIBUTION, ETC.
Place of publication, distribution, etc. New Delhi,
Name of publisher, distributor, etc. Tata McGraw-Hill,
Date of publication, distribution, etc. 2002.
300 ## - PHYSICAL DESCRIPTION
Extent xviii, 431p.: ill.; graph, figure, map, table.
Other physical details Index.
Dimensions 23cm.
700 ## - ADDED ENTRY--PERSONAL NAME
Other authors/Editors MOHAN, K
942 ## - ADDED ENTRY ELEMENTS (KOHA)
Source of classification or shelving scheme Dewey Decimal Classification
Koha item type Books
Holdings
Date last seen Total checkouts Full call number Barcode Cost, replacement price Price effective from Koha item type Lost status Source of classification or shelving scheme Damaged status Not for loan Withdrawn status Home library Current library Shelving location Date acquired Cost, normal purchase price
05/27/2025   LECT 651.75 SHA 00000010169 135000.00 05/27/2025 Books   Dewey Decimal Classification       College of Business Education Main Library College of Business Education Main Library General Collection 10/27/2005 45000.00
05/31/2025   LECT 651.75 SHA 00000010539 135000.00 05/31/2025 Books   Dewey Decimal Classification       College of Business Education Main Library College of Business Education Main Library Special Reserve Collection 10/27/2009 45000.00